000 01801nam a2200397 i 4500
001 000032474
003 DO-SdBNP
005 20240827143420.0
006 a||||gr|||| 00| 0
007 ta
008 110718e1979 dr 000 e spa d
040 _aDO-SdBNP
_bspa
_cBNPHU
_erda
041 _aspa
082 4 _a972.9304
_bD671a
_222
100 1 _aDomínguez, Jaime de Jesús,
_d1947-
_910244
_eautor
245 1 3 _aLa anexión de la República Dominicana a España /
_cJaime de Jesús Domínguez ; edición a cargo de Eridania Mir.
264 4 _aSanto Domingo :
_bUASD,
_c©1979
300 _avolúmenes ;
_c23 cm.
336 _2rdacontent
_atexto
_btxt
337 _2rdamedia
_asin mediación
_bn
338 _2rdacarrier
_avolumen
_bnc
490 0 _aHistoria y Sociedad ;
_v34
490 0 _aPublicaciones de la Universidad Autónoma de Santo Domingo ;
_v269
500 _aLa biblioteca posee el volumen 1.
500 _aIncluye datos biográficos del autor en la contracubierta.
500 _aIncluye notas, páginas 325-335.
504 _aBibliografía: páginas 337-341.
505 _aIntroducción.
_tLa situación internnacional en el Caribe en 1960.--
_gPrimera Parte:
_tLa negociaciones que condujeron a la anexión a España.--
_gSegunda Parte:
_tLa Proclamación de la Anexión y las diversas recciones.--
_gTercera Parte:
_tLa Administración colonial.--
_gCuarta Parte:
_tLa Capitanía General de Ribero.
590 _aInventariado, 2024 / MF
651 4 _aRepública Dominicana
_xHistoria
_yAnexión a España, 1861-1865
_9139
651 4 _aRepública Dominicana
_xHistoria
_yRestauración 1863-1865
_9896
700 1 _aMir, Eridania
_910197
_eeditor
710 1 _aUniversidad Autónoma de Santo Domingo
_972951
910 _aValidado. Control de calidad MMOLINA
942 _2ddc
_cLBS1
999 _c31965
_d31965